000 00654nam a2200181Ia 4500
008 151018s9999 xx 000 0 und d
082 _bRBASDV44626
_a340
100 _aअभया शेलकर
245 _aमुंबई सर्वसाधारण वाक्खंड
250 _b1
260 _bनाशिक लॉ हाऊस
_c2007
300 _a46
600 _aअभया शेलकर
630 _aमुंबई सर्वसाधारण वाक्खंड
700 _aअभया शेलकर
730 _aमुंबई सर्वसाधारण वाक्खंड
942 _cBOOK
999 _c1043823
_d1043820